00721cam a22002537a 4500003000500000005001700005008004100022010001000063011001000073035001000083040000900093082001700102111007100119245001600190260007200206300001100278490002900289650003000318650002700348650002600375700002700401830002900428852001000457CHAP20220329141606.0971013s1978 r 10010 d a70649 a71621 a81175 cCHAP a635bA3 197700aAfrican Symposium on Horticultural Crops (n5d: 1977c: Khartoum) 0aProceedings aThe Hague :bInternational Society for Horticultural Science,c1978 a240 p. 0aActa Horticulturaev; 8414aFruticulturaxTrópicos.14aHorticultura tropical.14aHorticulturaxAfrica.0 aHassan, Gaafar M.eEd.0 aActa Horticulturaev; 84 2yISSUE